000 01989nam a2200565 i 4500
001 43335
003 KOSZ 005
005 20240405063142.0
008 011026s2003 pl a |000 0 pol
015 _aUWD 2003/4143
020 _a8373261052
020 _a838929009X
035 _a991020160619705066
035 _a(PL-WaBN)b15465986-48omnis_nlop
035 _ab15465986
035 _a(OCoLC)749419996
035 _azz2003941834
035 _a(PL)b0000001546598
035 _a(EXLNZ-48OMNIS_NETWORK)9910451393305606
040 _aWA N
_cWA N
_dWA N
_dKOSZ 005/HR
041 0 _apol
_beng
046 _k2003
080 _a502.13/.14(438)"1989/..."
080 _a332.1(438)"1989/..."
100 1 _aKistowski, Mariusz
_d(1963- )
_eAutor
245 1 0 _aRegionalny model zrównoważonego rozwoju i ochrony środowiska Polski a strategie rozwoju województw /
_cMariusz Kistowski.
260 _aGdańsk :
_bUniwersytet Gdański ;
_aPoznań :
_bBogucki Wydawnictwo Naukowe,
_c2003.
300 _a392 s., [3] k. tabl. złoż. :
_bil. (w tym kolor.), mapy ;
_c24 cm.
336 _aTekst
_btxt
_2rdacontent
337 _aBez urządzenia pośredniczącego
_bn
_2rdamedia
338 _aWolumin
_bnc
_2rdacarrier
380 _aKsiążki
388 _a2001-
504 _aBibliogr.
546 _aStreszcz. ang.
648 7 _a1901-2000
_2DBN
648 7 _a1989-2000
_2DBN
648 7 _a2001-
_2DBN
650 7 _aRozwój zrównoważony
_2DBN
650 7 _aOchrona środowiska
_2DBN
650 7 _aRegionalizacja gospodarcza
_2DBN
651 _aPolska
658 _aGospodarka, ekonomia, finanse
658 _aOchrona środowiska
710 2 _aWydawnictwo Uniwersytetu Gdańskiego
_4pbl
710 2 _aBogucki Wydawnictwo Naukowe
856 _uhttp://koha.tu.koszalin.pl/cgi-bin/koha/opac-detail.pl?biblionumber=43335
_yKatalog online BPK
942 _2UKD
_cKS
999 _c43335
_d43335